00438nam a2200157Ia 4500008004100000020001500041041001200056082001100068100001800079245009500097250000800192260004000200300000800240650001400248700001800262221030s9999 xx 000 0 und d a8177580693 aEnglish a105.23 aP. H. Winston 0aLISP : An Introduction to the Language & its Applicationscby P. H. Winston, B. K. P. Horn a3rd bPearson EducationaNew Delhic2008 a611 aComputers aB. K. P. Horn